000
00298nam a22001097a 4500
082
_a
660 JOH'P
100
_a
JOHNSTONE, R. E,THRING, M. W
_9
57220
245
_a
PILOT PLANTS MODELS AND SCALEUP METHODS IN CHEMICAL ENGINEERING
260
_a
NEWYORK
_b
MCGRAW HILL
_c
1957
300
_a
307P
942
_c
BK
999
_c
567511
_d
567511